[Event "5. Torneo de Promoción de Almansa"]
[Site "Almansa ESP"]
[Date "2010.??.??"]
[Round "4.1"]
[White "Jimenez Martinez, Jose Vicente"]
[Black "Lujan, Carolina"]
[Result "0-1"]
[WhiteElo "2241"]
[BlackElo "2296"]
[PlyCount "64"]
[EventDate "2010.08.09"]
[EventType "swiss"]
[EventRounds "9"]
[EventCountry "ESP"]
[Source "lmi"]
[SourceDate "2010.08.09"]

1. d4 f5 2. c4 Nf6 3. Nf3 g6 4. g3 Bg7 5. Bg2 O-O 6. O-O d6 7. Nc3 Qe8 8. Qc2
Na6 9. Rb1 e5 10. dxe5 dxe5 11. b4 e4 12. Ng5 h6 13. Nh3 g5 14. b5 Nc5 15. Ba3
b6 16. Nd5 Nxd5 17. cxd5 f4 18. Bxc5 bxc5 19. gxf4 g4 20. Bxe4 gxh3 21. d6 Bg4
22. f3 Rxf4 23. Qxc5 Rxe4 24. Qd5+ Kh7 25. fxe4 Qg6 26. Kf2 Rd8 27. e5 cxd6 28.
Rbd1 Bxe5 29. Ke3 Re8 30. Kd2 Bf6 31. Kc1 Rc8+ 32. Kd2 Rc2+ 0-1

[Event "5. Torneo de Promoción de Almansa"]
[Site "Almansa ESP"]
[Date "2010.??.??"]
[Round "4.2"]
[White "Sanchez Jerez, Emilio Miguel"]
[Black "Cruz Lledo, Pablo"]
[Result "1-0"]
[WhiteElo "2301"]
[BlackElo "2239"]
[PlyCount "55"]
[EventDate "2010.08.09"]
[EventType "swiss"]
[EventRounds "9"]
[EventCountry "ESP"]
[Source "lmi"]
[SourceDate "2010.08.09"]

1. e4 c6 2. d4 g6 3. Nc3 d5 4. f3 Bg7 5. Be3 Nf6 6. e5 Nfd7 7. f4 O-O 8. h4 e6
9. Qg4 c5 10. dxc5 f5 11. Qg3 Nc6 12. Nf3 d4 13. Bxd4 Nxd4 14. Nxd4 Nxc5 15.
O-O-O Qe7 16. Nf3 Bd7 17. h5 gxh5 18. Rxh5 Be8 19. Rh1 a6 20. Ng5 Bg6 21. Bc4
b5 22. Nd5 exd5 23. Bxd5+ Kh8 24. Rxh7+ Bxh7 25. Rh1 Bxe5 26. Nxh7 Bxb2+ 27.
Kxb2 Qg7+ 28. Nf6+ 1-0

[Event "5. Torneo de Promoción de Almansa"]
[Site "Almansa ESP"]
[Date "2010.??.??"]
[Round "4.3"]
[White "Uribe Arteaga, Daniel"]
[Black "Peña Riasco, Alexander"]
[Result "1/2-1/2"]
[WhiteElo "2233"]
[BlackElo "2255"]
[PlyCount "113"]
[EventDate "2010.08.09"]
[EventType "swiss"]
[EventRounds "9"]
[EventCountry "ESP"]
[Source "lmi"]
[SourceDate "2010.08.09"]

1. e4 c5 2. Nf3 d6 3. c3 Nf6 4. Bd3 g6 5. Bc2 Bg7 6. O-O O-O 7. h3 Nc6 8. d4
cxd4 9. cxd4 e5 10. Nc3 Nh5 11. Be3 Nf4 12. Rc1 exd4 13. Bxf4 dxc3 14. bxc3 Ne5
15. Bb3 b6 16. Bd5 Rb8 17. Nd4 Ba6 18. c4 Bb7 19. Bg3 Qd7 20. f4 Nc6 21. Nxc6
Bxc6 22. f5 Be5 23. Bxe5 dxe5 24. f6 h6 25. Qe1 Kh7 26. Qg3 Rbe8 27. Rf5 Qd6
28. Rcf1 Rg8 29. R5f3 Bxd5 30. cxd5 Rc8 31. Rc3 Rc5 32. Rxc5 bxc5 33. Qc3 Rb8
34. Rc1 Rc8 35. Qa5 a6 36. Rc4 g5 37. Qa3 Kg6 38. Ra4 Qb6 39. Kh2 Ra8 40. Ra5
Qxf6 41. Rxc5 Qf4+ 42. Qg3 Qxe4 43. d6 Rd8 44. Rxe5 Qd4 45. h4 Qxh4+ 46. Qxh4
gxh4 47. Rd5 Kf6 48. Kh3 Ke6 49. Rh5 Rxd6 50. Rxh6+ f6 51. Rxh4 Rd3+ 52. g3 Ra3
53. Re4+ Kf5 54. Re2 Kg5 55. Rc2 Ra4 56. Rd2 f5 57. Rf2 1/2-1/2

[Event "5. Torneo de Promoción de Almansa"]
[Site "Almansa ESP"]
[Date "2010.??.??"]
[Round "4.4"]
[White "Ayza Leon, David"]
[Black "Pavon Cardenas, Jesus M"]
[Result "1/2-1/2"]
[WhiteElo "2249"]
[BlackElo "2182"]
[PlyCount "79"]
[EventDate "2010.08.09"]
[EventType "swiss"]
[EventRounds "9"]
[EventCountry "ESP"]
[Source "lmi"]
[SourceDate "2010.08.09"]

1. e4 e5 2. Nf3 Nc6 3. Bc4 Bc5 4. c3 Nf6 5. d3 d6 6. a4 a5 7. O-O O-O 8. h3 Be6
9. Bxe6 fxe6 10. Qb3 Qd7 11. Be3 Bxe3 12. fxe3 d5 13. exd5 exd5 14. Nbd2 Kh8
15. Rad1 b6 16. Qc2 Nh5 17. Rf2 Rf7 18. Nf1 Raf8 19. Rdd2 Qe7 20. e4 Nf4 21.
Qd1 d4 22. cxd4 exd4 23. Ng3 g6 24. Qf1 Nb4 25. b3 c5 26. Ne1 Kg7 27. Rf3 Kg8
28. Rdf2 Qg5 29. Kh2 Qe5 30. Kh1 Qc7 31. Kg1 h5 32. h4 Nc6 33. Nf5 gxf5 34.
Rxf4 fxe4 35. Rf5 e3 36. Rg5+ Kh8 37. Rxh5+ Kg8 38. Rg5+ Kh8 39. Rh5+ Kg8 40.
Rg5+ 1/2-1/2

[Event "5. Torneo de Promoción de Almansa"]
[Site "Almansa ESP"]
[Date "2010.??.??"]
[Round "4.5"]
[White "Alcaraz Ortega, Javier"]
[Black "Navarro Lopez-menchero, Daniel"]
[Result "1-0"]
[WhiteElo "2242"]
[BlackElo "2115"]
[PlyCount "61"]
[EventDate "2010.08.09"]
[EventType "swiss"]
[EventRounds "9"]
[EventCountry "ESP"]
[Source "lmi"]
[SourceDate "2010.08.09"]

1. d4 d5 2. Bf4 Nf6 3. e3 Bf5 4. c4 Bxb1 5. Rxb1 c6 6. a3 Qa5+ 7. Qd2 Qxd2+ 8.
Kxd2 Ne4+ 9. Ke1 g5 10. Be5 f6 11. Bxb8 Rxb8 12. f3 Nd6 13. c5 Nf5 14. Kf2 e5
15. Bd3 Ng7 16. h4 gxh4 17. Rxh4 h6 18. Ne2 Kf7 19. b4 Be7 20. Rhh1 exd4 21.
Nxd4 a6 22. Rh3 h5 23. Rbh1 a5 24. g4 h4 25. Rxh4 Rxh4 26. Rxh4 axb4 27. axb4
f5 28. Rh7 fxg4 29. fxg4 Bf6 30. Nf5 Kg8 31. Nh6+ 1-0

[Event "5. Torneo de Promoción de Almansa"]
[Site "Almansa ESP"]
[Date "2010.08.11"]
[Round "4.6"]
[White "Fernandez Barrera, Victor"]
[Black "Nicolas Zapata, Irene"]
[Result "1/2-1/2"]
[WhiteElo "2326"]
[BlackElo "1962"]
[PlyCount "122"]
[EventDate "2010.08.09"]
[EventType "swiss"]
[EventRounds "9"]
[EventCountry "ESP"]
[Source "lmi"]
[SourceDate "2010.08.09"]

1. e4 c5 2. Nf3 Nc6 3. d4 cxd4 4. Nxd4 g6 5. Nc3 Bg7 6. Be3 Nf6 7. Bc4 O-O 8.
Bb3 d6 9. f3 Bd7 10. Qd2 Nxd4 11. Bxd4 b5 12. O-O a5 13. a4 bxa4 14. Nxa4 Be6
15. Bxe6 fxe6 16. Ra3 Nd7 17. Bxg7 Kxg7 18. Rfa1 e5 19. Rb3 Qc7 20. Rc3 Qb7 21.
Raa3 Rfc8 22. Rab3 Qa7+ 23. Qf2 Rxc3 24. Rxc3 Qb7 25. Rb3 Qc6 26. Nc3 Nc5 27.
Ra3 Rb8 28. Qh4 Rb7 29. Nd5 Ne6 30. Rc3 Qa4 31. h3 Qd4+ 32. Kh2 Qd2 33. Rc8 Nd4
34. Qg3 Nxc2 35. f4 Ne1 36. fxe5 Rxb2 37. Ne3 Qf2 38. exd6 Qxg3+ 39. Kxg3 exd6
40. Rc7+ Kg8 41. Ra7 Re2 42. Nd5 Rxg2+ 43. Kf4 Nd3+ 44. Kf3 Ra2 45. Nf6+ Kf8
46. Ke3 Ne5 47. Nxh7+ Ke8 48. Nf6+ Kf8 49. Nd7+ Nxd7 50. Rxd7 Ra3+ 51. Kf4 Rxh3
52. Rxd6 Kf7 53. Ra6 Ra3 54. Kg5 Rg3+ 55. Kf4 Ra3 56. Ra7+ Ke6 57. Ra6+ Kf7 58.
e5 Ra1 59. Kg5 Rg1+ 60. Kf4 Ra1 61. Kg4 Rg1+ 1/2-1/2

[Event "5. Torneo de Promoción de Almansa"]
[Site "Almansa ESP"]
[Date "2010.08.11"]
[Round "4.7"]
[White "Martinez Lopez, David"]
[Black "Pons Carreras, David"]
[Result "1/2-1/2"]
[WhiteElo "2110"]
[BlackElo "2292"]
[PlyCount "89"]
[EventDate "2010.08.09"]
[EventType "swiss"]
[EventRounds "9"]
[EventCountry "ESP"]
[Source "lmi"]
[SourceDate "2010.08.09"]

1. e4 c5 2. Nf3 Nc6 3. d4 cxd4 4. Nxd4 e5 5. Nxc6 bxc6 6. Bd3 Nf6 7. O-O Be7 8.
Nc3 O-O 9. Kh1 d6 10. h3 Be6 11. f4 exf4 12. Bxf4 Nd7 13. Qe2 Rb8 14. Na4 Qa5
15. b3 Ne5 16. Bd2 Qc7 17. Bc3 Rfe8 18. Bxe5 dxe5 19. Bc4 Bf8 20. Bxe6 Rxe6 21.
Rad1 Rd8 22. Rxd8 Qxd8 23. Rd1 Rd6 24. Rd3 g6 25. Nb2 Qg5 26. Rxd6 Bxd6 27. Nd3
h5 28. c4 a5 29. Qe1 Bc7 30. a3 Kg7 31. b4 axb4 32. axb4 Bb6 33. g3 Bd4 34. Kg2
Qd8 35. h4 Qa8 36. Qb1 Qa3 37. b5 cxb5 38. cxb5 Qc3 39. b6 Bxb6 40. Qxb6 Qxd3
41. Qc6 Qe2+ 42. Kg1 Qf3 43. Kh2 Qf2+ 44. Kh1 Qxg3 45. Qf6+ 1/2-1/2

[Event "5. Torneo de Promoción de Almansa"]
[Site "Almansa ESP"]
[Date "2010.08.11"]
[Round "4.8"]
[White "Chueca Forcen, Alberto"]
[Black "Puerto Traver, Juan Manuel"]
[Result "1-0"]
[WhiteElo "2280"]
[BlackElo "2163"]
[PlyCount "73"]
[EventDate "2010.08.09"]
[EventType "swiss"]
[EventRounds "9"]
[EventCountry "ESP"]
[Source "lmi"]
[SourceDate "2010.08.09"]

1. d4 d6 2. Nf3 Bg4 3. c4 Bxf3 4. exf3 Nd7 5. f4 g6 6. Nc3 Bg7 7. Be3 e6 8. g4
Ne7 9. Bg2 c6 10. d5 exd5 11. cxd5 c5 12. Qc2 Nf6 13. g5 Nd7 14. Be4 Qb6 15. a4
a6 16. h4 h5 17. O-O f5 18. Bf3 O-O 19. Bd2 Rfe8 20. a5 Qc7 21. Na4 Rad8 22.
Bc3 Nc8 23. Bxg7 Kxg7 24. Qc3+ Kf7 25. Rfe1 Na7 26. Be2 Re4 27. Bd3 Rxf4 28.
Re7+ Kxe7 29. Qg7+ Ke8 30. Re1+ Re4 31. Qxg6+ Kf8 32. Qxf5+ Kg8 33. Qg6+ Kf8
34. Rxe4 Ne5 35. Rf4+ Nf7 36. Qh6+ Ke8 37. Rxf7 1-0

[Event "5. Torneo de Promoción de Almansa"]
[Site "Almansa ESP"]
[Date "2010.08.11"]
[Round "4.9"]
[White "Baños, Oscar"]
[Black "Unciti Juan, Javier"]
[Result "0-1"]
[WhiteElo "2239"]
[BlackElo "2159"]
[PlyCount "61"]
[EventDate "2010.08.09"]
[EventType "swiss"]
[EventRounds "9"]
[EventCountry "ESP"]
[Source "lmi"]
[SourceDate "2010.08.09"]

1. Nf3 d5 2. c4 e6 3. g3 c5 4. Bg2 Nc6 5. O-O Nf6 6. Na3 Be7 7. d3 O-O 8. b3 a6
9. Nc2 Qc7 10. Bb2 Rd8 11. Qc1 b5 12. Ne3 d4 13. cxb5 axb5 14. Nd1 Bb7 15. a3
Rac8 16. Nd2 Nd5 17. Qc2 h5 18. Bc1 Ne5 19. Ne4 Nf6 20. Nb2 Nxe4 21. dxe4 c4
22. Bf4 f5 23. Bxe5 Qxe5 24. bxc4 bxc4 25. Nxc4 Qc5 26. Qb3 Ba6 27. Nd2 Bxe2
28. Rfe1 d3 29. Bf1 Bf6 30. Bxe2 Bxa1 31. Bxh5 0-1

[Event "5. Torneo de Promoción de Almansa"]
[Site "Almansa ESP"]
[Date "2010.08.11"]
[Round "4.10"]
[White "Chalmeta Ugas, Ramon"]
[Black "Lara Lopez, Sergio"]
[Result "1/2-1/2"]
[WhiteElo "2204"]
[BlackElo "2064"]
[PlyCount "95"]
[EventDate "2010.08.09"]
[EventType "swiss"]
[EventRounds "9"]
[EventCountry "ESP"]
[Source "lmi"]
[SourceDate "2010.08.09"]

1. e4 e6 2. d4 d5 3. Nd2 Nf6 4. e5 Nfd7 5. Bd3 c5 6. c3 Nc6 7. Ne2 cxd4 8. cxd4
f6 9. exf6 Nxf6 10. Nf3 Bd6 11. O-O O-O 12. Bf4 Bxf4 13. Nxf4 Ne4 14. Qc1 Ng5
15. Nxg5 Qxg5 16. Ne2 Qf6 17. Qe3 Bd7 18. Bb5 Rac8 19. Bxc6 Rxc6 20. Rac1 Rfc8
21. Rc3 Rxc3 22. Nxc3 Rc4 23. Rd1 Qf5 24. Qd2 h6 25. f3 b5 26. b3 Rc8 27. b4 a5
28. a3 axb4 29. axb4 Rc4 30. Qb2 Qf4 31. Ne2 Qe3+ 32. Kf1 Be8 33. Qb1 Qa3 34.
Nf4 Qxb4 35. Qxb4 Rxb4 36. Nxe6 Bf7 37. Nc5 Rb2 38. Ra1 Rd2 39. Rb1 Rxd4 40.
Rxb5 Rd2 41. Nb3 Rb2 42. Nd4 Rxb5 43. Nxb5 Kf8 44. Kf2 Ke7 45. Ke3 Kd7 46. Nd4
Bg6 47. Ne2 Kd6 48. Kd4 1/2-1/2

[Event "5. Torneo de Promoción de Almansa"]
[Site "Almansa ESP"]
[Date "2010.08.11"]
[Round "4.11"]
[White "Ferrer Sanchez, Pedro Jesus"]
[Black "Villasenor Rubio, Emilio Jose"]
[Result "0-1"]
[WhiteElo "2185"]
[BlackElo "2045"]
[PlyCount "64"]
[EventDate "2010.08.09"]
[EventType "swiss"]
[EventRounds "9"]
[EventCountry "ESP"]
[Source "lmi"]
[SourceDate "2010.08.09"]

1. e4 e6 2. d4 d5 3. Nc3 Bb4 4. e5 c5 5. a3 Bxc3+ 6. bxc3 Qa5 7. Bd2 Qa4 8. Nf3
Nc6 9. Bd3 c4 10. Bf1 Bd7 11. g3 h6 12. Bg2 O-O-O 13. O-O Nge7 14. Ra2 g5 15.
h4 gxh4 16. Nxh4 Ng6 17. Qh5 Rdg8 18. Nf3 Nce7 19. Nh2 Nf5 20. Ng4 Ng7 21. Qh2
Ne8 22. Nxh6 f6 23. Nxg8 Rxh2 24. Kxh2 fxe5 25. dxe5 Nxe5 26. Nh6 Nf6 27. Bf4
Ng6 28. Bg5 Ne4 29. Bxe4 dxe4 30. Nf7 Qa5 31. Be3 Qh5+ 32. Kg2 Qf3+ 0-1

[Event "5. Torneo de Promoción de Almansa"]
[Site "Almansa ESP"]
[Date "2010.08.11"]
[Round "4.12"]
[White "Berrocal, Jorge"]
[Black "Escudero Manzano, Alejandro"]
[Result "1/2-1/2"]
[WhiteElo "2293"]
[BlackElo "2125"]
[PlyCount "81"]
[EventDate "2010.08.09"]
[EventType "swiss"]
[EventRounds "9"]
[EventCountry "ESP"]
[Source "lmi"]
[SourceDate "2010.08.09"]

1. c4 c5 2. Nf3 Nf6 3. Nc3 e6 4. g3 b6 5. Bg2 Bb7 6. O-O a6 7. d4 cxd4 8. Qxd4
Bc5 9. Qd3 O-O 10. Bf4 Nc6 11. a3 a5 12. Rfd1 Qe7 13. Ng5 Rfd8 14. Nge4 Nxe4
15. Nxe4 d5 16. Nxc5 bxc5 17. cxd5 exd5 18. Bxd5 Nb4 19. axb4 Rxd5 20. Qb5
Rxd1+ 21. Rxd1 Qe4 22. f3 Qxb4 23. Qd3 h6 24. Be5 Re8 25. Bc3 Qb3 26. e4 Ba6
27. Qd5 Bc4 28. Qd7 Bb5 29. Qd5 Bc4 30. Qd2 a4 31. Rc1 Be6 32. g4 Qb6 33. Kg2
Rd8 34. Qf4 Qd6 35. Qxd6 Rxd6 36. Kf2 Bb3 37. Ba5 c4 38. Re1 Rd3 39. Re3 Rd1
40. Re1 Rd3 41. Re3 1/2-1/2

[Event "5. Torneo de Promoción de Almansa"]
[Site "Almansa ESP"]
[Date "2010.08.11"]
[Round "4.13"]
[White "Garcia Muñoz, Raul"]
[Black "Villuendas Valero, Adrian"]
[Result "0-1"]
[WhiteElo "2096"]
[BlackElo "2261"]
[PlyCount "120"]
[EventDate "2010.08.09"]
[EventType "swiss"]
[EventRounds "9"]
[EventCountry "ESP"]
[Source "lmi"]
[SourceDate "2010.08.09"]

1. d4 d5 2. c4 dxc4 3. Nf3 Nf6 4. e3 Be6 5. Na3 g6 6. Nxc4 Bg7 7. Bd3 O-O 8.
O-O c5 9. dxc5 Nfd7 10. Nd4 Nxc5 11. Nxe6 Nxe6 12. Rb1 Nc6 13. b4 Rc8 14. Be2
Ne5 15. Nxe5 Bxe5 16. Bb2 Bxb2 17. Rxb2 Qxd1 18. Rxd1 Rfd8 19. Rxd8+ Nxd8 20.
h4 Kf8 21. g3 e6 22. Kg2 Ke7 23. Kf3 Rc3 24. Bb5 a6 25. Ba4 Ra3 26. Bc2 Nc6 27.
Ke2 b5 28. f4 f5 29. Kd2 Kd6 30. Bd1 Ne7 31. Bb3 Nd5 32. Kc1 Nxb4 33. Rd2+ Nd5
34. Kb2 b4 35. Rd4 a5 36. g4 a4 37. Bxd5 exd5 38. gxf5 Rxe3 39. Rxb4 a3+ 40.
Kc2 gxf5 41. Rb6+ Kc5 42. Rh6 Kc4 43. Rc6+ Kd4 44. Rh6 Rc3+ 45. Kd2 Rf3 46. Ke2
Rh3 47. Rxh7 Ke4 48. h5 Rh2+ 49. Ke1 Kxf4 50. Ra7 Rxa2 51. h6 Ra1+ 52. Ke2 a2
53. h7 Rh1 54. Rxa2 Rxh7 55. Ra4+ Ke5 56. Kf3 Rh3+ 57. Ke2 d4 58. Ra1 Re3+ 59.
Kd2 Kd5 60. Ra8 Rf3 0-1

[Event "5. Torneo de Promoción de Almansa"]
[Site "Almansa ESP"]
[Date "2010.08.11"]
[Round "4.14"]
[White "Martinez Rodriguez, Pablo"]
[Black "Navarrete Espi, Samuel"]
[Result "1-0"]
[WhiteElo "2227"]
[BlackElo "2057"]
[PlyCount "97"]
[EventDate "2010.08.09"]
[EventType "swiss"]
[EventRounds "9"]
[EventCountry "ESP"]
[Source "lmi"]
[SourceDate "2010.08.09"]

1. Nf3 Nf6 2. b3 g6 3. Bb2 Bg7 4. g3 O-O 5. Bg2 d6 6. d4 Nc6 7. d5 Nb8 8. O-O
c6 9. c4 cxd5 10. cxd5 Bf5 11. Nc3 Nbd7 12. Nd4 Ne5 13. Nxf5 gxf5 14. Bh3 Nfg4
15. Nb5 Qa5 16. Nd4 Ng6 17. e4 e6 18. Rb1 Bxd4 19. Bxd4 h5 20. exf5 exf5 21. f3
Nh6 22. Be3 f4 23. gxf4 Rae8 24. Qd2 Qxd2 25. Bxd2 Re2 26. Rf2 Rxf2 27. Kxf2
Ne7 28. Rg1+ Kh7 29. Rg5 f5 30. Bc3 Rf7 31. Rxh5 Nxd5 32. Bd2 Kg6 33. Rg5+ Kf6
34. Bf1 Nb6 35. Bc3+ Ke7 36. Bd3 Nd5 37. Bd2 Rf6 38. Bc4 Nb6 39. Rg7+ Nf7 40.
Bc3 Nxc4 41. Bxf6+ Kxf6 42. Rxf7+ Kxf7 43. bxc4 Ke6 44. Ke3 d5 45. c5 b6 46. c6
a5 47. h4 a4 48. c7 Kd7 49. h5 1-0

[Event "5. Torneo de Promoción de Almansa"]
[Site "Almansa ESP"]
[Date "2010.08.11"]
[Round "4.15"]
[White "Varga, Mariano"]
[Black "Machin Arbelo, Pedro Alexis"]
[Result "0-1"]
[WhiteElo "2172"]
[BlackElo "2032"]
[PlyCount "64"]
[EventDate "2010.08.09"]
[EventType "swiss"]
[EventRounds "9"]
[EventCountry "ESP"]
[Source "lmi"]
[SourceDate "2010.08.09"]

1. e4 e6 2. d4 d5 3. Nc3 Nf6 4. Bg5 Be7 5. e5 Nfd7 6. h4 a6 7. Qg4 Bxg5 8. hxg5
c5 9. Nf3 Nc6 10. g6 f5 11. exf6 Nxf6 12. Qf4 cxd4 13. Nxd4 Nxd4 14. Qxd4 h6
15. O-O-O Qc7 16. g4 Rf8 17. Rh3 Bd7 18. Re3 O-O-O 19. Be2 Kb8 20. f3 Ne8 21.
Re5 Rf6 22. f4 Rxg6 23. f5 Rg5 24. Bf3 Nf6 25. Rde1 exf5 26. Nxd5 Nxd5 27. Rxd5
fxg4 28. Rxg5 hxg5 29. Bg2 Qf4+ 30. Qxf4+ gxf4 31. Re7 f3 32. Bf1 g6 0-1

[Event "5. Torneo de Promoción de Almansa"]
[Site "Almansa ESP"]
[Date "2010.08.11"]
[Round "5.1"]
[White "Lujan, Carolina"]
[Black "Bolado Saez, Sergio"]
[Result "1/2-1/2"]
[PlyCount "32"]
[EventDate "2010.08.09"]
[EventType "swiss"]
[EventRounds "9"]
[EventCountry "ESP"]
[Source "lmi"]
[SourceDate "2010.08.09"]
[WhiteElo "2296"]
[BlackElo "2308"]

1. e4 c5 2. Nf3 d6 3. d4 cxd4 4. Nxd4 Nf6 5. Nc3 a6 6. g3 e5 7. Nb3 Be6 8. Bg2
Nbd7 9. O-O Qc7 10. a4 Be7 11. Re1 O-O 12. Nd2 Rab8 13. a5 Rfc8 14. Nf1 b5 15.
axb6 Rxb6 16. Ne3 Nc5 1/2-1/2

[Event "5. Torneo de Promoción de Almansa"]
[Site "Almansa ESP"]
[Date "2010.??.??"]
[Round "5.2"]
[White "Castella Garcia, Fausto"]
[Black "Alcaraz Ortega, Javier"]
[Result "0-1"]
[PlyCount "34"]
[EventDate "2010.08.09"]
[EventType "swiss"]
[EventRounds "9"]
[EventCountry "ESP"]
[Source "lmi"]
[SourceDate "2010.08.09"]
[WhiteElo "2334"]
[BlackElo "2242"]

1. e4 d5 2. exd5 Qxd5 3. Nc3 Qa5 4. Nf3 Nf6 5. Bc4 Nc6 6. d4 Bg4 7. h3 Bh5 8.
g4 Bg6 9. Bd2 O-O-O 10. Nb5 Qb6 11. a4 a5 12. c3 e5 13. dxe5 Ne4 14. Qe2 Nxe5
15. Be3 Nxf3+ 16. Qxf3 Bc5 17. Nd4 Bxd4 0-1

[Event "5. Torneo de Promoción de Almansa"]
[Site "Almansa ESP"]
[Date "2010.??.??"]
[Round "5.3"]
[White "Castella Garcia, Fausto"]
[Black "Castella Garcia, Fausto"]
[Result "1-0"]
[PlyCount "40"]
[EventDate "2010.08.09"]
[EventType "swiss"]
[EventRounds "9"]
[EventCountry "ESP"]
[Source "lmi"]
[SourceDate "2010.08.09"]
[WhiteElo "2334"]
[BlackElo "2334"]

1. e4 c5 2. Nf3 Nc6 3. d4 cxd4 4. Nxd4 g6 5. Nc3 Bg7 6. Be3 Nf6 7. Be2 O-O 8.
Nb3 d6 9. O-O Be6 10. f4 Qc8 11. h3 Rd8 12. Bf3 Bc4 13. Rf2 e5 14. Qd2 d5 15.
exd5 e4 16. Nxe4 Nxd5 17. Bc5 Nb6 18. Qc1 Qc7 19. Kh1 f5 20. Nc3 Rd7 1-0

[Event "5. Torneo de Promoción de Almansa"]
[Site "Almansa ESP"]
[Date "2010.??.??"]
[Round "5.4"]
[White "Unciti Juan, Javier"]
[Black "Chueca Forcen, Alberto"]
[Result "0-1"]
[PlyCount "55"]
[EventDate "2010.08.09"]
[EventType "swiss"]
[EventRounds "9"]
[EventCountry "ESP"]
[Source "lmi"]
[SourceDate "2010.08.09"]
[WhiteElo "2159"]
[BlackElo "2280"]

1. d4 Nf6 2. Nf3 e6 3. c4 c5 4. e3 d5 5. cxd5 exd5 6. Be2 Be7 7. O-O O-O 8. Nc3
b6 9. Ne5 Bb7 10. b3 Nc6 11. Nxc6 Bxc6 12. Bb2 Qd7 13. Rc1 Rfd8 14. Qc2 cxd4
15. exd4 Rac8 16. Ba6 Bb7 17. Bb5 Qg4 18. Qd3 Bd6 19. Qd1 Bxh2+ 20. Kxh2 Qh4+
21. Kg1 Ng4 22. Qxg4 Qxg4 23. Rcd1 h5 24. Be2 Qf5 25. Bd3 Qf6 26. Nb1 Rc7 27.
Nd2 Bc8 28. Bb5 0-1

[Event "5. Torneo de Promoción de Almansa"]
[Site "Almansa ESP"]
[Date "2010.??.??"]
[Round "5.5"]
[White "Peña Riasco, Alexander"]
[Black "Rebole Arbea, Jose Ignacio"]
[Result "0-1"]
[PlyCount "111"]
[EventDate "2010.08.09"]
[EventType "swiss"]
[EventRounds "9"]
[EventCountry "ESP"]
[Source "lmi"]
[SourceDate "2010.08.09"]
[WhiteElo "2255"]
[BlackElo "2199"]

1. e4 c5 2. Nf3 Nc6 3. d4 cxd4 4. Nxd4 e5 5. Nb5 d6 6. N1c3 a6 7. Na3 b5 8. Nd5
Nce7 9. c4 Nxd5 10. exd5 bxc4 11. Bxc4 Nf6 12. O-O Be7 13. Nc2 O-O 14. Nb4 Bb7
15. Be3 a5 16. Nc6 Bxc6 17. dxc6 d5 18. Bb5 d4 19. Bg5 Nd5 20. Bxe7 Qxe7 21.
Rc1 Nc7 22. Bc4 Qd6 23. Re1 Kh8 24. Qh5 f5 25. g4 g6 26. Qh3 e4 27. Qh6 Rad8
28. gxf5 gxf5 29. Qxd6 Rxd6 30. Bb3 d3 31. Rc5 d2 32. Rd1 f4 33. Re5 Re8 34.
Rxe8+ Nxe8 35. Kf1 f3 36. Ba4 Rd4 37. Bc2 Kg7 38. a3 a4 39. b4 axb3 40. Bxb3
Kf6 41. h4 Ke5 42. Kg1 Kf4 43. Kh2 e3 44. fxe3+ Kxe3 45. Kg3 Ke2 46. Rb1 f2 47.
Bd1+ Ke1 48. Bh5+ d1=Q 49. Bxd1 f1=N+ 50. Kh3 Rd3+ 51. Bf3+ Kf2 52. Kg4 Nh2+
53. Kf5 Nxf3 54. h5 Rd6 55. Rb7 Nd4+ 56. Kf4 0-1

[Event "5. Torneo de Promoción de Almansa"]
[Site "Almansa ESP"]
[Date "2010.??.??"]
[Round "5.6"]
[White "Villaseñor Rubio, Emilio Jose"]
[Black "Ayza Leon, David"]
[Result "1-0"]
[PlyCount "87"]
[EventDate "2010.08.09"]
[EventType "swiss"]
[EventRounds "9"]
[EventCountry "ESP"]
[Source "lmi"]
[SourceDate "2010.08.09"]
[WhiteElo "2045"]
[BlackElo "2249"]

1. e4 d6 2. d4 g6 3. c4 Bg7 4. Nc3 Nf6 5. Nf3 O-O 6. Be2 e5 7. O-O Nc6 8. d5
Ne7 9. Ne1 Nd7 10. Be3 f5 11. f3 Nf6 12. c5 f4 13. Bf2 g5 14. Rc1 h5 15. cxd6
cxd6 16. Nb5 Ne8 17. Nxa7 Bd7 18. Qb3 Ng6 19. Qb6 Qe7 20. Qxb7 Nf6 21. Nc6 Qf7
22. Qb4 Rfc8 23. a4 g4 24. Nd3 Bh6 25. Bb6 g3 26. Rfd1 Qg7 27. h3 Ne8 28. Bf1
Nh4 29. Ne1 Kh7 30. Rd3 Qg6 31. a5 Bf8 32. Qd2 Nf6 33. Ra3 Kh8 34. Rc4 Bxc6 35.
dxc6 d5 36. exd5 Bxa3 37. bxa3 e4 38. fxe4 f3 39. Nxf3 Nxf3+ 40. gxf3 g2 41.
Bxg2 Rg8 42. d6 h4 43. d7 Nh5 44. Rc2 1-0

[Event "5. Torneo de Promoción de Almansa"]
[Site "Almansa ESP"]
[Date "2010.08.12"]
[Round "5.7"]
[White "Nicolas Zapata, Irene"]
[Black "Jimenez Martinez, Jose Vicente"]
[Result "0-1"]
[PlyCount "82"]
[EventDate "2010.08.09"]
[EventType "swiss"]
[EventRounds "9"]
[EventCountry "ESP"]
[Source "lmi"]
[SourceDate "2010.08.09"]
[WhiteElo "1962"]
[BlackElo "2241"]

1. d4 g6 2. Nf3 Bg7 3. c4 d6 4. g3 Nf6 5. Bg2 O-O 6. O-O Nc6 7. Nc3 e5 8. dxe5
Nxe5 9. Nxe5 dxe5 10. Qxd8 Rxd8 11. Bg5 Re8 12. Rfd1 c6 13. Bxf6 Bxf6 14. Ne4
Be7 15. Nd6 Bxd6 16. Rxd6 Be6 17. b3 Red8 18. Rad1 Rxd6 19. Rxd6 a5 20. a4 Kf8
21. Kf1 Ke7 22. Rd2 Ra6 23. Be4 Rb6 24. Bc2 Rb4 25. Bd1 b5 26. axb5 cxb5 27.
cxb5 Bxb3 28. Bxb3 Rxb3 29. Rd5 Ke6 30. e4 a4 31. Rc5 Kd7 32. Rc4 a3 33. Ra4
Kd6 34. Ra6+ Kc5 35. b6 Kc6 36. Ke2 Kb7 37. Ra4 Kxb6 38. h4 h5 39. f3 Kb5 40.
Ra8 Kb4 41. Rb8+ Kc3 0-1

[Event "5. Torneo de Promoción de Almansa"]
[Site "Almansa ESP"]
[Date "2010.08.12"]
[Round "5.8"]
[White "Pons Carreras, David"]
[Black "Uribe Arteaga, Daniel"]
[Result "1-0"]
[PlyCount "69"]
[EventDate "2010.08.09"]
[EventType "swiss"]
[EventRounds "9"]
[EventCountry "ESP"]
[Source "lmi"]
[SourceDate "2010.08.09"]
[WhiteElo "2292"]
[BlackElo "2233"]

1. d4 d5 2. Nf3 Nf6 3. c4 c6 4. e3 e6 5. Nbd2 Nbd7 6. Bd3 Be7 7. O-O O-O 8. e4
dxe4 9. Nxe4 Nxe4 10. Bxe4 Nf6 11. Bc2 b6 12. Bg5 Bb7 13. Qd3 g6 14. Rad1 Nh5
15. Bh6 Re8 16. Ne5 c5 17. Ba4 Qxd4 18. Qxd4 cxd4 19. Bxe8 Rxe8 20. Rxd4 f6 21.
Nd3 e5 22. Rd7 Bc8 23. Rxa7 g5 24. h4 Nf4 25. Nxf4 gxf4 26. Re1 Kf7 27. g3 Kg6
28. Bxf4 Bb4 29. Re3 Bc5 30. b4 Bd4 31. Re1 Bc3 32. Rc1 Bxb4 33. Be3 Re6 34.
Rb1 Ba5 35. c5 1-0

[Event "5. Torneo de Promoción de Almansa"]
[Site "Almansa ESP"]
[Date "2010.08.12"]
[Round "5.9"]
[White "Crecente Peñalba, Jose Manuel"]
[Black "Fernandez Barrera, Victor"]
[Result "0-1"]
[PlyCount "73"]
[EventDate "2010.08.09"]
[EventType "swiss"]
[EventRounds "9"]
[EventCountry "ESP"]
[Source "lmi"]
[SourceDate "2010.08.09"]
[WhiteElo "2134"]
[BlackElo "2326"]

1. d4 Nf6 2. Nf3 g6 3. e3 Bg7 4. b3 O-O 5. Bb2 d5 6. Bd3 Ne4 7. Nbd2 Nxd2 8.
Qxd2 c5 9. O-O Nc6 10. h3 Qc7 11. Rfd1 Rd8 12. Rac1 b6 13. c4 Nb4 14. cxd5 Nxd3
15. Qxd3 Rxd5 16. e4 Rd8 17. Qe2 Bh6 18. Rc2 Qd6 19. d5 Bb7 20. e5 Qc7 21. Qe4
e6 22. Qh4 Bg7 23. d6 Qc6 24. Rc4 Rd7 25. Bc1 Bxe5 26. Bf4 Bg7 27. Qg3 f6 28.
Qg4 Re8 29. Nd4 Qxg2+ 30. Qxg2 Bxg2 31. Kxg2 cxd4 32. Rc7 Rxc7 33. dxc7 e5 34.
Rc1 Rc8 35. Bd2 Kf7 36. Rc6 Ke7 37. f4 0-1